Bangladesh agricultural bibliography (1975 - 1982)
সংরক্ষণ করুন:
| বিন্যাস: | গ্রন্থ |
|---|---|
| ভাষা: | Undetermined |
| প্রকাশিত: |
Laguna, Philippines
Agricultural information bank for Asia
[1983]
|
| বিষয়গুলি: | |
| ট্যাগগুলো: |
ট্যাগ যুক্ত করুন
কোনো ট্যাগ নেই, প্রথমজন হিসাবে ট্যাগ করুন!
|
| Thư viện lưu trữ: | Trung tâm Học liệu Trường Đại học Cần Thơ |
|---|
| LEADER | 00679nam a2200181Ia 4500 | ||
|---|---|---|---|
| 001 | CTU_122807 | ||
| 008 | 210402s9999 xx 000 0 und d | ||
| 082 | |a 016.63 | ||
| 082 | |b B216 | ||
| 245 | 0 | |a Bangladesh agricultural bibliography (1975 - 1982) | |
| 245 | 0 | |c Edited by Benefa M. Dayao ; 1983 compiled by Bangladesh Agricultural Research Council and Bangladesh National Scientific and Technological Documentation Center | |
| 260 | |a Laguna, Philippines | ||
| 260 | |b Agricultural information bank for Asia | ||
| 260 | |c [1983] | ||
| 650 | |a Agriculture | ||
| 650 | |z Bangladesh | ||
| 904 | |i Hiếu, Huỳnh Mai | ||
| 980 | |a Trung tâm Học liệu Trường Đại học Cần Thơ | ||